Dzielnice Gdańska (Mapa) - Statystyki

Ogólne statystyki
  • Ten quiz został rozwiązany 145 razy
    141 od ostatniego zresetowania
  • Średni wynik to 16 z 37
Odpowiedzi na mapie
Odpowiedzi zakodowano w zielono-czerwonej skali na mapie do tego quizu, zgodnie z poniższymi procentami.
 
Statystyki odpowiedzi
Dzielnica % Poprawnych
Oliwa
75%
Oliwa
75%
Śródmieście
75%
Wyspa Sobieszewska
68%
Wrzeszcz Górny
66%
Brzeźno
64%
Wrzeszcz Dolny
64%
Nowy Port
63%
Chełm
58%
Stogi
58%
Aniołki
57%
Osowa
55%
Jasień
54%
Przymorze Wielkie
51%
Matarnia
50%
Piecki-Migowo
49%
Przymorze Małe
49%
Brętowo
47%
Kokoszki
45%
Przeróbka
45%
Strzyża
45%
VII Dwór
42%
Zaspa-Młyniec
42%
Siedlce
39%
Suchanino
38%
Rudniki
37%
Wzgórze Mickiewicza
37%
Olszynka
33%
Młyniska
30%
Krakowiec
29%
Ujeścisko-Łostowice
21%
Orunia-Św. Wojciech-Lipce/Orunia-Święty Wojciech
18%
Zaspa Rostaje
14%
Żabianka-Wejhera-Jelitkowo-Tysiąclecia
13%
Orunia Górna-Gdańsk Południe
12%
Krakowiec-Górki Zachodnie
4%
Letnika
0%
Nie znaleziono quizów pasujących do podanych kryteriów
Rozkład punktacji
Procent ludzi z każdym wynikiem
Percentyl według liczby udzielonych odpowiedzi
Twoja historia wyników
Nie rozwiązałeś tego quizu od ostatniego zresetowania